书目信息 |
| 题名: |
工程项目管理
|
|
| 作者: | 李佳升 主编 | |
| 分册: | ||
| 出版信息: | 北京 人民交通出版社 2007.05 |
|
| 页数: | 292页 | |
| 开本: | 26cm | |
| 丛书名: | ||
| 单 册: | ||
| 中图分类: | F284 | |
| 科图分类: | ||
| 主题词: | 基本建设项目--ji ben jian she xiang mu--项目管理 | |
| 电子资源: | ||
| ISBN: | 978-7-114-06487-6 | |
| 000 | 00892nam0 2200253 450 | |
| 001 | 012007766535 | |
| 005 | 20181213082945.15 | |
| 010 | @a978-7-114-06487-6@dCNY32.00 | |
| 100 | @a20070827d2007 km y0chiy0120 ea | |
| 101 | 0 | @achi |
| 102 | @aCN@b110000 | |
| 105 | @aak a 000yy | |
| 200 | 1 | @a工程项目管理@Agong cheng xiang mu guan li@f李佳升主编@Fli jia sheng zhu bian |
| 210 | @a北京@c人民交通出版社@d2007.05 | |
| 215 | @a292页@c图@d26cm | |
| 300 | @a21世纪交通版高等学校应用型本科规划教材 | |
| 320 | @a有书目 (第292页)。 | |
| 330 | @a本书全面系统介绍了建设工程项目管理的系统知识,主要包括项目管理基础、管理体制、项目策划与决策管理、项目组织与团队管理、项目实施控制等。 | |
| 333 | @a高等院校相关专业学生 | |
| 606 | 0 | @a基本建设项目@Aji ben jian she xiang mu@x项目管理 |
| 690 | @aF284@v4 | |
| 701 | 0 | @a李佳升@Ali jia sheng@4主编 |
| 801 | 0 | @aCN@c20070920 |
| 905 | @dF284@eL186 | |
| 工程项目管理/李佳升主编.-北京:人民交通出版社,2007.05 |
| 292页:图;26cm |
| 21世纪交通版高等学校应用型本科规划教材.-使用对象:高等院校相关专业学生 |
| ISBN 978-7-114-06487-6:CNY32.00 |
| 本书全面系统介绍了建设工程项目管理的系统知识,主要包括项目管理基础、管理体制、项目策划与决策管理、项目组织与团队管理、项目实施控制等。 |
| ● |
| 相关链接 |
|
|
|
正题名:工程项目管理
索取号:F284/L186
 
预约/预借
| 序号 | 登录号 | 条形码 | 馆藏地/架位号 | 状态 | 备注 |
| 1 | 1282241 | 212822418 | 社科库409/409社科库 102排7列3层/ [索取号:F284/L186] | 在馆 | |
| 2 | 262081 | 202620814 | 社科二线422/409社科库 100排6列1层/ [索取号:F284/L186] | 在馆 | |
| 3 | 262082 | 202620823 | 社科二线422/409社科库 100排6列1层/ [索取号:F284/L186] | 在馆 | |
| 4 | 262083 | 202620832 | 社科库409/409社科库 103排2列4层/ [索取号:F284/L186] | 在馆 |